SPEAKING OF WOMEN HEALTH (Record no. 215905)

MARC details
000 -LEADER
fixed length control field 00426nam a22001577a 4500
008 - FIXED-LENGTH DATA ELEMENTS--GENERAL INFORMATION
fixed length control field 250716b |||||||| |||| 00| 0 eng d
100 ## - MAIN ENTRY--PERSONAL NAME
Personal name HENDERSON, FLORENCE
245 ## - TITLE STATEMENT
Title SPEAKING OF WOMEN HEALTH
260 ## - PUBLICATION, DISTRIBUTION, ETC.
Place of publication, distribution, etc. NEW YORK,
Name of publisher, distributor, etc. THE BOOK,
Date of publication, distribution, etc. 2000,
300 ## - PHYSICAL DESCRIPTION
Extent 187P.
500 ## - GENERAL NOTE
General note includes an index
650 ## - SUBJECT ADDED ENTRY
Topical term or geographic name entry element WOMEN-HEALTH AND HYGIENE
700 ## - ADDED ENTRY--PERSONAL NAME
Personal name VALERIE SIMPSON, MARY WILSON
942 ## - ADDED ENTRY ELEMENTS (KOHA)
Source of classification or shelving scheme Library of Congress Classification
Koha item type Long Loan Book
Holdings
Withdrawn status Lost status Source of classification or shelving scheme Damaged status Not for loan Collection Home library Current library Shelving location Date acquired Inventory number Total checkouts Full call number Barcode Date last seen Copy number Price effective from Koha item type
    Library of Congress Classification     Arts & Social Sciences Kisii University Library Kisii University Library On Display 07/16/2025 109269   RA 564.85 .H46 2000 000000018815 07/16/2025 1 07/16/2025 Short Loan Book